Physiotherapy in Respiratory Care: (Record no. 5347)

MARC details
000 -LEADER
fixed length control field 01144cam a22003134a 4500
001 - CONTROL NUMBER
control field 13250144
003 - CONTROL NUMBER IDENTIFIER
control field OSt
005 - DATE AND TIME OF LATEST TRANSACTION
control field 20230201112130.0
008 - FIXED-LENGTH DATA ELEMENTS--GENERAL INFORMATION
fixed length control field 030624s2001 enka b 001 0 eng
010 ## - LIBRARY OF CONGRESS CONTROL NUMBER
LC control number 2003447954
020 ## - INTERNATIONAL STANDARD BOOK NUMBER
International Standard Book Number 0748732845
040 ## - CATALOGING SOURCE
Transcribing agency DNLM
042 ## - AUTHENTICATION CODE
Authentication code pcc
050 00 - LIBRARY OF CONGRESS CALL NUMBER
Classification number RM161
Item number .H684 2001
082 00 - DEWEY DECIMAL CLASSIFICATION NUMBER
Classification number WF140 H81p 2000.
100 1# - MAIN ENTRY--PERSONAL NAME
Personal name Hough, Alexandra,
9 (RLIN) 2741
245 10 - TITLE STATEMENT
Title Physiotherapy in Respiratory Care:
Remainder of title A problem-Solving approach to respiratory and cardiac management.
250 ## - EDITION STATEMENT
Edition statement 2nd ed.
260 ## - PUBLICATION, DISTRIBUTION, ETC. (IMPRINT)
Place of publication, distribution, etc. UK;
Name of publisher, distributor, etc. Stanley Thones Publishers LTD,
Date of publication, distribution, etc. 2000..
300 ## - PHYSICAL DESCRIPTION
Extent xi,365 p. :
Other physical details ill. ;
Dimensions 23 cm.
500 ## - GENERAL NOTE
General note Previous ed.: London : Chapman & Hall, 1996 with subtitle: A problem-solving approach to respiratory and cardiac management.
504 ## - BIBLIOGRAPHY, ETC. NOTE
Bibliography, etc "Annotated bibliography": p. 480-538.
504 ## - BIBLIOGRAPHY, ETC. NOTE
Bibliography, etc Includes bibliographical references and index.
650 #0 - SUBJECT ADDED ENTRY--TOPICAL TERM
Topical term or geographic name as entry element Respiratory
9 (RLIN) 2742
650 #0 - SUBJECT ADDED ENTRY--TOPICAL TERM
Topical term or geographic name as entry element Physiotherapy.
9 (RLIN) 2407
906 ## - LOCAL DATA ELEMENT F, LDF (RLIN)
a 7
b cbc
c origres
d 2
e ncip
f 20
g y-gencatlg
942 ## - ADDED ENTRY ELEMENTS (KOHA)
Source of classification or shelving scheme Other/Generic Classification Scheme
Koha item type Open Shelf
Holdings
Withdrawn status Lost status Source of classification or shelving scheme Damaged status Not for loan Home library Current library Date acquired Source of acquisition Inventory number Total Checkouts Full call number Barcode Date last seen Date last checked out Koha item type
    Other/Generic Classification Scheme     MUST Main Library MUST Main Library 13/10/2016 Donation 03/18526 5 WF140 H81p 2000. 2016-4769 18/04/2023 06/03/2023 Open Shelf